| 000 | 00554nam a2200241Ia 4500 | ||
|---|---|---|---|
| 003 | 20180516111301.0 | ||
| 005 | 20180516111317.0 | ||
| 008 | 180207s9999 xx 000 0 und d | ||
| 020 | _a9780590368052 | ||
| 050 | _bC278 1996 | ||
| 100 | _aCarle, Eric | ||
| 245 | _aLittle cloud / | ||
| 245 | _cby Eric Carle. | ||
| 260 | _aBroadway, New York : | ||
| 260 | _bScholastic, | ||
| 260 | _c1996 | ||
| 300 | _aunpaged : | ||
| 300 | _bcolor illustrations ; | ||
| 300 | _c30cm. | ||
| 500 | _a390 | ||
| 700 | _aTitle. | ||
| 942 |
_2lcc _cLEX |
||
| 999 |
_c354983 _d354983 |
||